| 000 | 00745nam a2200217 a 4500 | ||
|---|---|---|---|
| 999 |
_c12219 _d12219 |
||
| 001 | 12219 | ||
| 003 | BD-JhCC | ||
| 005 | 20210426114002.0 | ||
| 008 | 210426b1972 ii a|||| ||a| 000 0 ben d | ||
| 035 | _a(BD-JhCC)12219 | ||
| 040 |
_aBD-JhCC _dBD-JhCC |
||
| 041 | _abengali | ||
| 082 |
_a954.225 _bDEV 1972 |
||
| 100 | _aদেব, শ্রী অমলেন্দু | ||
| 245 |
_aপাকিস্তান প্রস্তাব ও ফজলুল হক / _cশ্রী অমলেন্দু দেব,এম,এ । |
||
| 260 |
_aকলিকাতা: _bরত্না প্রকাশন; _c১৯৭২. |
||
| 300 |
_a264 p. : _bill; _c20 cm. |
||
| 650 | _apolitical and government | ||
| 942 |
_2ddc _cBK |
||